02129 a2200181 45000010006000000050017000060080041000230030015000640400040000790800035001192450052001540200022002062640080002283000019003085051572003271000022018997000026019211726520260407155459.0260407a1982 arg spa dAR-UNSa-BCEJYS aAR-UNSa-BCEJYSbspacAR-UNSa-BCEJYS a657.47xContabilidad de Costos10aContabilidad de costospprincipios y práctica a978-968-438-995-3 1aMéxico :bUnión Tipográfica Editorial Hispano-Americana (UTEHA)c1982 a824 p.c23 cm. a1. Aspectos administrativos y de organización de la contabilidad de costos - 2. Determinación del costo por órdenes de trabajo - 3. Determinación del costo por procesos-Parte I - 4. Determinación del costo por procesos-Parte II - 5. Contabilidd de productos conjuntos y subproductos - 6. Procesamiento electrónico de datos para la acumulación de costos, informes y control - 7. Contabilidad de los materiales - 8. Determinación de los costos de mano de obra - 9. Costos por gastos indirectos aplicados a los objetivos del costo - 10. Contabilización de los costos de gastos indirectos de fabricación actuales - 11. Contabilidad del costo estándar-Materiales y mano de obra - 12. Contabilidad del costo estándar - Gastos indirectos de fabricación - 13. Consideraciones especiales en la contabilidad de costos estándar - 14. Planeación administrativa mediante el presupuesto - 15. Informes a la dirección para control y evaluación del funcionamiento - 16. Análisis del comportamiento de los costos - 17. Costeo directo - 18. Problemas especiales en el análisis y control de los inventarios - 19. Análisis del costo de distribución - 20. Planeación de la utilidad mediante el análisis del costo-volumen-utilidad - 21. Planes a largo plazo y presupuestos de inversiones - 22. Técnicas de la ciencia de la administración en la planeación del costo - 23. Análisis de costos para fines especiales - 24. Análisis del costo en organizaciones no lucrativas - 25. Resolución de casos especiales de aplicación de costos1 aNeuner, John J.W.1 aDeakin III, Edward B.